Poesías completas y páginas en prosa / (Record no. 79702)

MARC details
000 -LEADER
campo de control de longitud fija 00566nam a2200169 i 4500
001 - NÚMERO DE CONTROL
campo de control 79702
003 - IDENTIFICADOR DE NÚMERO DE CONTROL
campo de control ES-MaACL
005 - FECHA Y HORA DE LA ÚLTIMA TRANSACCIÓN
campo de control 20230906174032.0
007 - CAMPO FIJO DE DESCRIPCIÓN FÍSICA--INFORMACIÓN GENERAL
campo de control de longitud fija t|
008 - DATOS DE LONGITUD FIJA--INFORMACIÓN GENERAL
campo de control de longitud fija 041022s1961 sp ||||1| spa d
100 1# - ENTRADA PRINCIPAL--NOMBRE DE PERSONA
Nombre de persona Herrera y Reissig, Julio.
9 (RLIN) 63250
245 10 - MENCIÓN DEL TÍTULO
Título Poesías completas y páginas en prosa /
Mención de responsabilidad, etc. Julio Herrera y Reissig ; edición, estudio preliminar y notas de Roberto Bula Piriz.
260 ## - PUBLICACIÓN, DISTRIBUCIÓN, ETC.
Lugar de publicación, distribución, etc. Madrid :
Nombre del editor, distribuidor, etc. Aguilar,
Fecha de publicación, distribución, etc. 1961.
300 ## - DESCRIPCIÓN FÍSICA
Extensión 922 p. :
Otras características físicas retr. aut. ;
Dimensiones 14 cm.
700 1# - ENTRADA AGREGADA--NOMBRE PERSONAL
Nombre de persona Bula Piriz, Roberto.
9 (RLIN) 32491
852 ## - LOCALIZACIÓN
Ubicación ES-MaACL
Número de control de estantería C-20876
Sublocalización o colección R.49261
Holdings
Estatus retirado Estado de pérdida Estado de daño No para préstamo Biblioteca de origen Biblioteca actual Ubicación en estantería Fecha de adquisición Fuente de adquisición Total de préstamos Signatura topográfica completa Código de barras Visto por última vez Precio de reemplazo Tipo de ítem Koha
        Biblioteca del Ateneo de Madrid Biblioteca del Ateneo de Madrid Galería 17/01/2008     C-20876 1083340 23/02/2023 23/02/2023 Libro impreso